<?xml version="1.0" encoding="UTF-8"?>
<record
    xmlns:xsi="http://www.w3.org/2001/XMLSchema-instance"
    xsi:schemaLocation="http://www.loc.gov/MARC21/slim http://www.loc.gov/standards/marcxml/schema/MARC21slim.xsd"
    xmlns="http://www.loc.gov/MARC21/slim">

  <leader>02302    a2200253   4500</leader>
  <controlfield tag="001">38729</controlfield>
  <controlfield tag="005">20260407155648.0</controlfield>
  <controlfield tag="008">260407a1989    arg                 spa d</controlfield>
  <controlfield tag="003">AR-UNSa-BCEJYS</controlfield>
  <datafield tag="040" ind1=" " ind2=" ">
    <subfield code="a">AR-UNSa-BCEJYS</subfield>
    <subfield code="b">spa</subfield>
    <subfield code="c">AR-UNSa-BCEJYS</subfield>
  </datafield>
  <datafield tag="080" ind1=" " ind2=" ">
    <subfield code="a">658.8</subfield>
    <subfield code="x">Organizaci&#xF3;n de mercados. Marketing. Ventas. Distribuci&#xF3;n</subfield>
  </datafield>
  <datafield tag="245" ind1="1" ind2="0">
    <subfield code="a">Fundamentos de mercadotecnia</subfield>
  </datafield>
  <datafield tag="020" ind1=" " ind2=" ">
    <subfield code="a">968-422-279-3</subfield>
  </datafield>
  <datafield tag="250" ind1=" " ind2=" ">
    <subfield code="a">4a. ed.</subfield>
  </datafield>
  <datafield tag="264" ind1=" " ind2="1">
    <subfield code="a">M&#xE9;xico :</subfield>
    <subfield code="b">McGraw-Hill</subfield>
    <subfield code="c">1989</subfield>
  </datafield>
  <datafield tag="300" ind1=" " ind2=" ">
    <subfield code="a">732 p.</subfield>
    <subfield code="c">24 cm.</subfield>
  </datafield>
  <datafield tag="505" ind1=" " ind2=" ">
    <subfield code="a">Parte I: La mercadotecnia moderna y su ambiente: 1. El campo de la mercadotecnia - 2. Ambiente de la mercadotecnia - 3. Planeaci&#xF3;n estrat&#xE9;gica de la mercadotecnia - 4. Sitemas de informaci&#xF3;n de mercadotecnia e investigaci&#xF3;n de mercados - Parte II: Mercados meta: 5. Demograf&#xED;a del mercado y poder adquisitivo - 6. Influencias psicolog&#xED;cas y del grupo social en el comportamiento del comprador - 7. El mercado industrial - 8. Segmentaci&#xF3;n del mercado y pron&#xF3;stico de la demanda de mercado - Parte III: 9. Planeaci&#xF3;n y dearrollo del producto - 10. Estrategias de la mezcla de productos - 11. Marcas, empaque y otras caracter&#xED;sticas del producto - Parte IV: El precio: 12. Determinaci&#xF3;n del precio - 13. Estrategias y pol&#xED;ticas de precios - Parte V: Distribuci&#xF3;n: 14. Comercio al menudeo: mercado e instituciones - 15. Comercio al mayoreo: mercados e instituciones - 16. Canales de distribuci&#xF3;n: conflicto, cooperaci&#xF3;n y administraci&#xF3;n - 17. Administraci&#xF3;n de la distribuci&#xF3;n f&#xED;sica - Parte VI: Mercadotecnia en areas especiales: 18. El programa promocional - 19. Administraci&#xF3;n de la venta personal - 20. Administraci&#xF3;n de la publicidad, la promoci&#xF3;n de ventas y la publicidad no pagada - Parte VII: Mercadotecnia en &#xE1;reas especiales: 21. Mercdotecnia de servicios - 22. Mercadotecnia social en las orgnizaciones no lucrativas - 23. Mercadotecnia internacional - Parte VIII: Realizaci&#xF3;n y evaluaci&#xF3;n del esfuerzo de mercdotecnia: 24. Realizaci&#xF3;n de la mercadotecnia y evaluaci&#xF3;n del desempe&#xF1;o - 25. Mercadotecnia: evaluaci&#xF3;n social y perspectiva.</subfield>
  </datafield>
  <datafield tag="942" ind1=" " ind2=" ">
    <subfield code="c">BK</subfield>
  </datafield>
  <datafield tag="590" ind1=" " ind2=" ">
    <subfield code="a">niveau_biblio:m niveau_hierar:0</subfield>
  </datafield>
  <datafield tag="100" ind1="1" ind2=" ">
    <subfield code="a">Rosas S&#xE1;nchez, Maria Elena</subfield>
  </datafield>
  <datafield tag="700" ind1="1" ind2=" ">
    <subfield code="a">Stanton, William J.</subfield>
  </datafield>
  <datafield tag="700" ind1="1" ind2=" ">
    <subfield code="a">Futrell, Charles</subfield>
  </datafield>
  <datafield tag="700" ind1="1" ind2=" ">
    <subfield code="a">Benassini F&#xE9;lix, Marcela</subfield>
  </datafield>
  <datafield tag="999" ind1=" " ind2=" ">
    <subfield code="c">2921</subfield>
    <subfield code="d">2921</subfield>
  </datafield>
  <datafield tag="952" ind1=" " ind2=" ">
    <subfield code="0">0</subfield>
    <subfield code="1">0</subfield>
    <subfield code="4">0</subfield>
    <subfield code="7">0</subfield>
    <subfield code="a">BCEJYS</subfield>
    <subfield code="b">BCEJYS</subfield>
    <subfield code="c">16</subfield>
    <subfield code="d">2026-04-07</subfield>
    <subfield code="l">0</subfield>
    <subfield code="o">658.8 S792 4ed.</subfield>
    <subfield code="p">L53797</subfield>
    <subfield code="r">2026-04-07 15:56:48</subfield>
    <subfield code="w">2026-04-07</subfield>
    <subfield code="y">L</subfield>
  </datafield>
  <datafield tag="952" ind1=" " ind2=" ">
    <subfield code="0">0</subfield>
    <subfield code="1">0</subfield>
    <subfield code="4">0</subfield>
    <subfield code="7">0</subfield>
    <subfield code="a">BCEJYS</subfield>
    <subfield code="b">BCEJYS</subfield>
    <subfield code="c">16</subfield>
    <subfield code="d">2026-04-07</subfield>
    <subfield code="l">0</subfield>
    <subfield code="o">658.8 S792 4ed.</subfield>
    <subfield code="p">L53640</subfield>
    <subfield code="r">2026-04-07 15:56:48</subfield>
    <subfield code="w">2026-04-07</subfield>
    <subfield code="y">L</subfield>
  </datafield>
  <datafield tag="952" ind1=" " ind2=" ">
    <subfield code="0">0</subfield>
    <subfield code="1">0</subfield>
    <subfield code="4">0</subfield>
    <subfield code="7">0</subfield>
    <subfield code="a">BCEJYS</subfield>
    <subfield code="b">BCEJYS</subfield>
    <subfield code="c">16</subfield>
    <subfield code="d">2026-04-07</subfield>
    <subfield code="l">0</subfield>
    <subfield code="o">658.8 S792 4ed.</subfield>
    <subfield code="p">L53641</subfield>
    <subfield code="r">2026-04-07 15:56:48</subfield>
    <subfield code="w">2026-04-07</subfield>
    <subfield code="y">L</subfield>
  </datafield>
  <datafield tag="952" ind1=" " ind2=" ">
    <subfield code="0">0</subfield>
    <subfield code="1">0</subfield>
    <subfield code="4">0</subfield>
    <subfield code="7">0</subfield>
    <subfield code="a">BCEJYS</subfield>
    <subfield code="b">BCEJYS</subfield>
    <subfield code="c">16</subfield>
    <subfield code="d">2026-04-07</subfield>
    <subfield code="l">0</subfield>
    <subfield code="o">658.8 S792 4ed.</subfield>
    <subfield code="p">L53642</subfield>
    <subfield code="r">2026-04-07 15:56:48</subfield>
    <subfield code="w">2026-04-07</subfield>
    <subfield code="y">L</subfield>
  </datafield>
  <datafield tag="952" ind1=" " ind2=" ">
    <subfield code="0">0</subfield>
    <subfield code="1">0</subfield>
    <subfield code="4">0</subfield>
    <subfield code="7">0</subfield>
    <subfield code="a">BCEJYS</subfield>
    <subfield code="b">BCEJYS</subfield>
    <subfield code="c">16</subfield>
    <subfield code="d">2026-04-07</subfield>
    <subfield code="l">0</subfield>
    <subfield code="o">658.8 S792 4ed.</subfield>
    <subfield code="p">L53643</subfield>
    <subfield code="r">2026-04-07 15:56:48</subfield>
    <subfield code="w">2026-04-07</subfield>
    <subfield code="y">L</subfield>
  </datafield>
  <datafield tag="952" ind1=" " ind2=" ">
    <subfield code="0">0</subfield>
    <subfield code="1">0</subfield>
    <subfield code="4">0</subfield>
    <subfield code="7">0</subfield>
    <subfield code="a">BCEJYS</subfield>
    <subfield code="b">BCEJYS</subfield>
    <subfield code="c">16</subfield>
    <subfield code="d">2026-04-07</subfield>
    <subfield code="l">0</subfield>
    <subfield code="o">658.8 S792 4ed.</subfield>
    <subfield code="p">L53644</subfield>
    <subfield code="r">2026-04-07 15:56:48</subfield>
    <subfield code="w">2026-04-07</subfield>
    <subfield code="y">L</subfield>
  </datafield>
  <datafield tag="952" ind1=" " ind2=" ">
    <subfield code="0">0</subfield>
    <subfield code="1">0</subfield>
    <subfield code="4">0</subfield>
    <subfield code="7">0</subfield>
    <subfield code="a">BCEJYS</subfield>
    <subfield code="b">BCEJYS</subfield>
    <subfield code="c">16</subfield>
    <subfield code="d">2026-04-07</subfield>
    <subfield code="l">0</subfield>
    <subfield code="o">658.8 S792 4ed.</subfield>
    <subfield code="p">L53645</subfield>
    <subfield code="r">2026-04-07 15:56:48</subfield>
    <subfield code="w">2026-04-07</subfield>
    <subfield code="y">L</subfield>
  </datafield>
  <datafield tag="952" ind1=" " ind2=" ">
    <subfield code="0">0</subfield>
    <subfield code="1">0</subfield>
    <subfield code="4">0</subfield>
    <subfield code="7">0</subfield>
    <subfield code="a">BCEJYS</subfield>
    <subfield code="b">BCEJYS</subfield>
    <subfield code="c">16</subfield>
    <subfield code="d">2026-04-07</subfield>
    <subfield code="l">0</subfield>
    <subfield code="o">658.8 S792 4ed.</subfield>
    <subfield code="p">L53795</subfield>
    <subfield code="r">2026-04-07 15:56:48</subfield>
    <subfield code="w">2026-04-07</subfield>
    <subfield code="y">L</subfield>
  </datafield>
  <datafield tag="952" ind1=" " ind2=" ">
    <subfield code="0">0</subfield>
    <subfield code="1">0</subfield>
    <subfield code="4">0</subfield>
    <subfield code="7">0</subfield>
    <subfield code="a">BCEJYS</subfield>
    <subfield code="b">BCEJYS</subfield>
    <subfield code="c">16</subfield>
    <subfield code="d">2026-04-07</subfield>
    <subfield code="l">0</subfield>
    <subfield code="o">658.8 S792 4ed.</subfield>
    <subfield code="p">L53796</subfield>
    <subfield code="r">2026-04-07 15:56:48</subfield>
    <subfield code="w">2026-04-07</subfield>
    <subfield code="y">L</subfield>
  </datafield>
</record>
